000 00446nam a2200169 a 4500
001 0000-8730
003 ELIB.Books
008 110520 2004
035 _a(ELIB.Books)0000-8876
082 _a241
_bSch
100 _aSchweiker, William
245 _aTheological Ethics and Global Dynamics
260 _bOxford: Blackwell Publishing
_c2004
650 _aChristian Ethics
942 _2ddc
_cBK
998 _cbat
_e2011-05-20
999 _c8730
_d8730